000
00337nam a2200145Ia 4500
001
37942
008
211029s ii a g b000 u 465 u
082
_a
822.33
100
_a
Rylands, A .
245
0
_a
Hamlet /
_c
Rylands, A.
_h
Textual Documents
300
_b
ill ;
500
_a
Book lost
653
_a
English Drama
942
_2
ddc
_c
BK
999
_c
37918
_d
37918